000 00298nam a2200145Ia 4500
100 _aSisler/H.H
650 _aChemistry
942 _cBK
654 _achemistry
245 _aGeneral Chemistry
260 _bMacmillon & co
_aNEWYORK
_c1949
082 _a540
300 _a870
546 _aENGLISH
999 _c23007
_d23007